000 00992nam a22002297a 4500
999 _c10307
_d10307
003 AR-CdUCM
008 190329b ||||| |||| 00| 0 spa d
040 _aMUNICIPALIDAD PROVINCIAL DEL CUSCO
_cBIBLIOTECA MUNICIPAL DEL CUSCO
082 _aC / 985.61 /
_bES93
100 _aEstrada, Alcides F.
_96009
245 _aLa fama internacional /
260 _aCusco :
_bGarcilaso,
_c1968.
300 _a30 paginas ;
_bIlustraciones plegables ;
_c22 cm.
500 _aDedicatoria del autor.
505 _aContenido: La fama internacional del Cuzco -- La mesianica pareja -- Fundada en el centro mismo de la tierra -- Todo era misterio -- A cada uno según sus necesidades -- Una fortaleza es la guerra al servicio de la paz -- El imperio incaico etapa jurídica del Perú ...
650 _aHistoria del Cusco
_91714
650 _aPublicación local
_927098
650 _aCusco
_9772
700 _aGutierrez, Julio G. (Prólogo)
_927099
942 _2ddc
_cLIBROS
945 _apjha
_d2019-05-14